Programa y bases de la exposición pública y distribución de premios que tendrá efecto el día 19 de noviembre de 1860, con motivo de ser el de S.M. la Reina Doña Isabel (q.d.g.) / (Record no. 169483)

MARC details
000 -LEADER
campo de control de longitud fija 00929nam a22001815i 4500
001 - NÚMERO DE CONTROL
campo de control 169483
003 - IDENTIFICADOR DE NÚMERO DE CONTROL
campo de control ES-MaACL
005 - FECHA Y HORA DE LA ÚLTIMA TRANSACCIÓN
campo de control 20250902093842.0
008 - DATOS DE LONGITUD FIJA--INFORMACIÓN GENERAL
campo de control de longitud fija 080918s1860 sp |||| | spa d
245 00 - MENCIÓN DEL TÍTULO
Título Programa y bases de la exposición pública y distribución de premios que tendrá efecto el día 19 de noviembre de 1860, con motivo de ser el de S.M. la Reina Doña Isabel (q.d.g.) /
Mención de responsabilidad, etc. Real Sociedad Económica de Amigos del País de la Provincia de Granada.
260 ## - PUBLICACIÓN, DISTRIBUCIÓN, ETC.
Lugar de publicación, distribución, etc. Granada :
Nombre del editor, distribuidor, etc. [s.n.],
Fecha de publicación, distribución, etc. 1860 (
Fabricante Imp. de Francisco Ventura y Sabatel)
300 ## - DESCRIPCIÓN FÍSICA
Extensión [16] p. ;
Dimensiones 21 cm.
530 ## - NOTA DISPONIBLE DE FORMULARIO FÍSICO ADICIONAL
Nota de formato físico adicional disponible Disponible en formato digital.
710 2# - ENTRADA AGREGADA--NOMBRE DE ENTIDAD CORPORATIVA
Nombre de entidad corporativa o nombre de jurisdicción como elemento de entrada Real Sociedad Económica de Amigos del País de la Provincia de Granada
9 (RLIN) 138618
852 4# - LOCALIZACIÓN
Ubicación ES-MaACL
Número de control de estantería T-85-F-10
Nota libre - Falto de cubierta original
856 4# - LOCALIZACIÓN Y ACCESO ELECTRÓNICOS
Identificador Uniforme de Recursos <a href="http://hdl.handle.net/10481/8225 ">http://hdl.handle.net/10481/8225 </a>
Nota pública Fondo bibliográfico histórico de la Universidad de Granada
Holdings
Estatus retirado Estado de pérdida Estado de daño No para préstamo Colección Biblioteca de origen Biblioteca actual Ubicación en estantería Fecha de adquisición Fuente de adquisición Total de préstamos Signatura topográfica completa Código de barras Visto por última vez Precio de reemplazo Tipo de ítem Koha
        Colección de folletos Biblioteca del Ateneo de Madrid Biblioteca del Ateneo de Madrid Depósito folletos 18/09/2008     T-85-F-10 1177928 23/02/2023 23/02/2023 Folleto